000 00350nam a2200145 i 4500
001 bg
100 1 _aBIELECKI, Robert
_d(1939-1998).
245 0 _aDe Gaulle i inni /
_cR. Bielecki.
260 _aWarszawa,
_c1983.
040 _cBPK
041 _apol
080 _a32(44)+944:929(44)"19"
942 _cKS
008 s pl f |000 0 pol
999 _c22599
_d22599
856 _uhttp://koha.tu.koszalin.pl/cgi-bin/koha/opac-detail.pl?biblionumber=22599
_yKatalog online BPK